Znižovanie prepravnej náročnosti výroby celoštátna konferencia : zborník prednášok : Bojnice-hotel Régia 23.-25.4.1985
Salvato in:
| Natura: | Libro |
|---|---|
| Lingua: | slovacco |
| Pubblicazione: |
Žilina
Dom techniky ČSVTS
1985
|
| Tags: |
Nessun Tag, puoi essere il primo ad aggiungerne!!
|
MARC
| LEADER | 00000nam a2200000 4500 | ||
|---|---|---|---|
| 001 | c109988 | ||
| 005 | 20181203150312.0 | ||
| 041 | 0 | |a slo | |
| 044 | |a SK | ||
| 245 | 1 | 0 | |a Znižovanie prepravnej náročnosti výroby |b celoštátna konferencia : zborník prednášok : Bojnice-hotel Régia 23.-25.4.1985 |
| 264 | 1 | |a Žilina |b Dom techniky ČSVTS |c 1985 | |
| 300 | |a 187 s. | ||